Statistics for Winners KNVB Beker

Click here to take the quiz!

General Stats

  • This quiz has been taken 32 times
  • The average score is 70 of 103

Answer Stats

HintAnswer% Correct
1917 | 1943 | 1961 | +17 othersAjax
100%
1977 | 2001 | 2011FC Twente
100%
1930 | 1935 | 1965 | +10 othersFeyenoord
100%
1950 | 1974 | 1976 | +7 othersPSV
100%
1985 | 2003 | 2004FC Utrecht
96%
1978 | 1981 | 1982 | 2013AZ
92%
2014PEC Zwolle
92%
2017Vitesse
92%
2015FC Groningen
83%
2009sc Heerenveen
83%
1958 | 1962 | 1966Sparta Rotterdam
79%
1973NAC Breda
75%
1997 | 2000Roda JC
71%
1968 | 1975ADO Den Haag
67%
1944 | 1963Willem 2
67%
1902 | 1912HFC Haarlem
58%
1957 | 1964Fortuna '54
54%
1959VVV Venlo
54%
1937FC Eindhoven
42%
1904 | 1913 | 1915Koninklijke HFC
42%
1909 | 1910 | 1911 | 1916H.V. & C.V. Quick
21%
1903HVV
21%
1939 | 1948WVV Wageningen
21%
1899RAP
17%
1906DSV Concordia
8%
1901 | 1908HBS
8%
1918 | 1928RCH
8%
1905 | 1907VOC
8%
1938VSV
8%
1921VV Schoten
8%
1949Quick 1888
4%
1900Velocitas Breda
4%
1927VUC
4%
1920CVV
0%
1914 | 1932DFC
0%
1936RFC Roermond
0%
1926T.S.V. LONGA
0%
1934Velocitas 1897
0%
1925ZFC
0%

Score Distribution

Percentile by Number Answered

Percent of People with Each Score

Your Score History

You have not taken this quiz